000 02328nam0a2200397 4500
001 RU\NLR\bibl\604512
005 20260407105344.0
010 _a5-89702-110-4
_bв обл.
_9200
021 _aRU
_b2004-38503
_91916
035 _aRSL-KNO-002448837
035 _a(NLR Aleph) 000596439
090 _a1745680
_c1745680
100 _a20040702d2004 |||y0rusy50 ca
101 0 _arus
102 _aRU
105 _aa |||||||||
106 _ar
200 1 _aПроблемы и технологии продуктивного обучения предметам развивающей эстетики в школе
_eматериалы регион. науч.-практ. конф., 6 мая 2004 г.
210 _aТомск
_cИзд-во Томск. ЦНТИ
_d2004
215 _a115 с.
_cил., портр., схем., табл.
_d21
300 _aВ надзаг.: М-во науки и образования Рос. Федерации, Совет сети федер. и эксеприм. площадок, Департ. общ. образования Том. обл. [и др.]
606 0 _aЭкспериментальные школы
_jСборники
_xПреподавание
_yТомск, город
_92361616
_3RU\NLR\auth\661410203
606 0 _aЭкспериментальные школы
_jСъезды, совещания и т.п.
_xПреподавание
_yТомск, город
_92361616
_3RU\NLR\auth\661410203
606 1 _aДети младшего школьного возраста
_jСъезды, совещания и т.п.
_xХудожественное воспитание
_92538787
_3RU\NLR\AUTH\661503204
606 0 _aХудожественное воспитание
_jСъезды, совещания и т.п.
_xНачальная школа
_91920492
_3RU\NLR\auth\661164814
686 1 _aЧ424(2Р)7
686 1 _aЧ421.355
712 0 1 _4570
_aРоссийская Федерация
_bМинистерство образования и науки
_bСовет сети федеральных экспериментальных площадок
_3RU\NLR\AUTH\8810061024
_9623465
801 0 _aRU
_bRuMoRKP
_c20040702
_grcr
801 1 _aRU
_bRuMoRGB
_c20040702
801 2 _aRU
_bNLR
_c20050201
_gPSBO
942 _cBOOK
980 _aNB
980 _aNBR